000 00684nam a22002057a 4500
005 20170124110245.0
010 _aB-217816
020 _c775.00
_a8188583421
035 _aB-217816
037 _bCen Lib/Ret
040 _aDPL
_bEN
082 _a320
_bREF
245 _aReference manual for ugc examinations :
_bNET, SLET, JRF and other UPSC competitive tests /
260 _aNew Delhi
_bReference press
_c2004
270 _b4831/24, Ansari Road Darya ganj
_aNew Delhi
_e110002
300 _aviii, 403p.
_c20cm(Hb)
650 _aPolitical science - reference manual
_997285
650 _aCompetitive examinations tests
_997286
942 _2ddc
_cEN
_h302
_mREF
999 _c135473
_d135473